| 000 | 00653 a2200193 4500 | ||
|---|---|---|---|
| 001 | 130591 | ||
| 020 | _a85-02-01614-8 | ||
| 040 | _cLeonardo Da Vinci | ||
| 041 | _aPortuguês | ||
| 082 |
_a347.01 B277c _bB277c |
||
| 100 | _aBARROS, Francisco Carlos Rocha de | ||
| 245 |
_aComentários à Lei do Inquilinato _bLei nº 8.245, de 18/10/1991 doutrina e jurisprudência do STJ, TACSP, TAMG, TACRJ, TARS e TAPR, artigo por artigo |
||
| 250 | _a2.ed | ||
| 260 |
_bSaraiva _c1997 _aSão Paulo |
||
| 300 | _a774 | ||
| 362 | _a19970000 | ||
| 697 |
_aDireito Civil _aJurisprudência _aLeis _aLegislação _aInquilinato _aLocação _aBrasil _aFIPEN |
||
| 942 | _cBK | ||
| 999 |
_c130591 _d130591 |
||